000 00471nam a2200181Ia 4500
008 240925s9999 xx 000 0 und d
020 _a471843237
082 _a620.1123 BOR
100 _aBoresi ,Aurthor P.
245 0 _aAdvanced Mechanics of Materials
250 _a4th
260 _aLondon:
_bJohn Wiley Sons
_c,1984.
300 _axix,763p.
_bN.A
_fOriginal
500 _aIncludes Index
600 _aElectronic Engineering
650 _aTechnology
942 _cBK
999 _c3507
_d3507